[Event "Praha"]
[Site "?"]
[Date "2023.01.13"]
[Round "9.1"]
[White "Chen, Qi b"]
[Black "Tobak, Mikhail"]
[Result "1/2-1/2"]
[BlackElo "2297"]
[WhiteElo "2484"]
[LiveChessVersion "1.4.8"]

1. e4 {[%clk 1:30:57]} e5 {[%clk 1:30:51]} 2. Nf3 {[%clk 1:31:22]} Nc6
{[%clk 1:31:17]} 3. Bb5 {[%clk 1:31:49]} a6 {[%clk 1:31:42]} 4. Ba4
{[%clk 1:32:16]} Nf6 {[%clk 1:32:08]} 5. d3 {[%clk 1:32:29]} b5 {[%clk 1:32:33]}
6. Bb3 {[%clk 1:32:56]} Be7 {[%clk 1:32:56]} 7. O-O {[%clk 1:33:21]} O-O
{[%clk 1:33:06]} 8. Re1 {[%clk 1:33:45]} d6 {[%clk 1:32:42]} 9. h3
{[%clk 1:31:59]} Na5 {[%clk 1:30:39]} 10. Nc3 {[%clk 1:22:25]} Nxb3
{[%clk 1:24:17]} 11. axb3 {[%clk 1:22:43]} Bb7 {[%clk 1:23:37]} 12. Ne2
{[%clk 1:17:50]} Re8 {[%clk 1:19:52]} 13. Ng3 {[%clk 1:17:43]} Bf8
{[%clk 1:20:09]} 14. c4 {[%clk 1:14:15]} g6 {[%clk 1:18:09]} 15. Be3
{[%clk 1:09:14]} c5 {[%clk 1:08:23]} 16. Nh2 {[%clk 1:04:00]} Bg7
{[%clk 1:05:56]} 17. Ng4 {[%clk 0:57:53]} Nxg4 {[%clk 1:03:49]} 18. hxg4
{[%clk 0:54:42]} Qh4 {[%clk 0:57:12]} 19. Nf1 {[%clk 0:50:17]} Rf8
{[%clk 0:52:56]} 20. g5 {[%clk 0:49:14]} b4 {[%clk 0:49:19]} 21. Nh2
{[%clk 0:45:32]} Bc8 {[%clk 0:44:05]} 22. Nf3 {[%clk 0:44:19]} Qg4
{[%clk 0:41:29]} 23. Nh2 {[%clk 0:44:33]} Qh4 {[%clk 0:37:03]} 24. Nf3
{[%clk 0:44:58]} Qg4 {[%clk 0:36:47]} 25. Nh2 {[%clk 0:45:21]} Qh4
{[%clk 0:34:07]} 1/2-1/2

[Event "Praha"]
[Site "?"]
[Date "2023.01.13"]
[Round "9.3"]
[White "Ivanov, Mike"]
[Black "Hak, David"]
[Result "1-0"]
[BlackElo "2095"]
[WhiteElo "2319"]
[LiveChessVersion "1.4.8"]

1. e4 {[%clk 1:26:39]} c5 {[%clk 1:30:15]} 2. Nf3 {[%clk 1:26:33]} d6
{[%clk 1:30:34]} 3. Bb5+ {[%clk 1:26:37]} Bd7 {[%clk 1:30:53]} 4. Bxd7+
{[%clk 1:26:52]} Qxd7 {[%clk 1:30:41]} 5. O-O {[%clk 1:26:41]} Nc6
{[%clk 1:30:31]} 6. c3 {[%clk 1:26:45]} Nf6 {[%clk 1:30:06]} 7. d4
{[%clk 1:27:04]} Nxe4 {[%clk 1:11:05]} 8. d5 {[%clk 1:27:14]} Nb8
{[%clk 1:01:06]} 9. Re1 {[%clk 1:26:07]} Nf6 {[%clk 1:01:08]} 10. Bg5
{[%clk 1:22:16]} h6 {[%clk 0:58:24]} 11. Bxf6 {[%clk 1:18:30]} gxf6
{[%clk 0:56:17]} 12. Nbd2 {[%clk 1:16:37]} Na6 {[%clk 0:53:46]} 13. Qe2
{[%clk 0:57:50]} Nc7 {[%clk 0:50:47]} 14. c4 {[%clk 0:53:24]} e5 {[%clk 0:48:02]}
15. dxe6 {[%clk 0:53:13]} fxe6 {[%clk 0:48:08]} 16. Ne4 {[%clk 0:53:25]} Be7
{[%clk 0:46:19]} 17. Rad1 {[%clk 0:53:07]} Qc6 {[%clk 0:45:33]} 18. b4
{[%clk 0:51:12]} O-O-O {[%clk 0:38:57]} 19. b5 {[%clk 0:48:58]} Qe8
{[%clk 0:39:05]} 20. a4 {[%clk 0:44:51]} d5 {[%clk 0:33:22]} 21. Ng3
{[%clk 0:40:55]} Bd6 {[%clk 0:28:09]} 22. a5 {[%clk 0:38:50]} b6 {[%clk 0:20:18]}
23. Qa2 {[%clk 0:36:48]} Bxg3 {[%clk 0:19:46]} 24. hxg3 {[%clk 0:35:39]} dxc4
{[%clk 0:19:34]} 25. axb6 {[%clk 0:31:47]} axb6 {[%clk 0:18:02]} 26. Nd2
{[%clk 0:27:27]} Qxb5 {[%clk 0:13:37]} 27. Nxc4 {[%clk 0:27:46]} Rxd1
{[%clk 0:09:16]} 28. Rxd1 {[%clk 0:28:14]} Qa6 {[%clk 0:09:07]} 29. Nd6+
{[%clk 0:24:56]} Kb8 {[%clk 0:09:31]} 30. Qb2 {[%clk 0:25:20]} Nd5
{[%clk 0:04:49]} 31. Ra1 {[%clk 0:12:35]} Qd3 {[%clk 0:05:18]} 32. Nb5
{[%clk 0:12:58]} Kb7 {[%clk 0:04:08]} 33. Re1 {[%clk 0:08:52]} e5
{[%clk 0:03:48]} 34. Qa2 {[%clk 0:06:39]} Ra8 {[%clk 0:02:03]} 35. Nd6+
{[%clk 0:06:55]} Kb8 {[%clk 0:02:31]} 36. Qb2 {[%clk 0:07:16]} Qc3
{[%clk 0:01:41]} 37. Qb1 {[%clk 0:07:29]} Qb4 {[%clk 0:01:13]} 38. Qd1
{[%clk 0:07:18]} Kc7 {[%clk 0:00:49]} 39. Qxd5 {[%clk 0:06:47]} Qxe1+
{[%clk 0:01:14]} 40. Kh2 {[%clk 0:07:13]} Qa5 {[%clk 0:00:47]} 41. Nc4
{[%clk 0:02:57]} Qb5 {[%clk 0:21:27]} 42. Qf7+ {[%clk 0:32:12]} Kb8
{[%clk 0:16:13]} 43. Qxf6 {[%clk 0:29:33]} Qb1 {[%clk 0:01:44]} 44. Qd8+
{[%clk 0:14:35]} Ka7 {[%clk 0:01:29]} 45. Qd7+ {[%clk 0:12:48]} Ka6
{[%clk 0:01:38]} 46. Nd6 {[%clk 0:11:31]} Ka5 {[%clk 0:01:16]} 47. Qb7
{[%clk 0:01:59]} Ra6 {[%clk 0:01:46]} 48. Nc4+ {[%clk 0:02:15]} Kb5
{[%clk 0:02:11]} 49. Nd6+ {[%clk 0:02:36]} Ka5 {[%clk 0:02:34]} 50. Nc4+
{[%clk 0:02:26]} Kb4 {[%clk 0:01:29]} 51. Qxa6 {[%clk 0:02:12]} Qd3
{[%clk 0:01:24]} 52. Qxb6+ {[%clk 0:01:49]} Kxc4 {[%clk 0:01:50]} 53. Qxh6
{[%clk 0:01:14]} Qd4 {[%clk 0:01:41]} 54. Qh4 {[%clk 0:00:35]} Kc3
{[%clk 0:01:35]} 55. g4 {[%clk 0:00:51]} c4 {[%clk 0:01:25]} 56. Qg3+
{[%clk 0:01:12]} Kd2 {[%clk 0:01:33]} 57. g5 {[%clk 0:01:19]} c3 {[%clk 0:01:06]}
58. g6 {[%clk 0:01:48]} c2 {[%clk 0:00:38]} 59. g7 {[%clk 0:02:06]} c1=Q
{[%clk 0:00:43]} 60. g8=Q {[%clk 0:02:21]} Ke2 {[%clk 0:00:45]} 61. Qa2+
{[%clk 0:01:56]} Kf1 {[%clk 0:00:41]} 62. Qa6+ {[%clk 0:01:03]} Qcc4
{[%clk 0:00:34]} 63. Qxc4+ {[%clk 0:01:08]} Qxc4 {[%clk 0:01:02]} 64. f3
{[%clk 0:00:47]} Qc7 {[%clk 0:00:48]} 65. Kh3 {[%clk 0:00:31]} Qh7+
{[%clk 0:00:54]} 66. Qh4 {[%clk 0:00:34]} Qc2 {[%clk 0:00:37]} 67. Qg5
{[%clk 0:00:36]} Qe2 {[%clk 0:00:36]} 68. Qc1+ {[%clk 0:00:40]} Kf2
{[%clk 0:01:05]} 69. Qc5+ {[%clk 0:00:40]} Kf1 {[%clk 0:01:29]} 70. Qc1+
{[%clk 0:01:06]} Kf2 {[%clk 0:01:37]} 71. Kh2 {[%clk 0:00:57]} Qd3
{[%clk 0:00:58]} 72. Qb2+ {[%clk 0:01:03]} Kf1 {[%clk 0:01:12]} 73. Qxe5
{[%clk 0:01:04]} Qh7+ {[%clk 0:01:14]} 74. Kg3 {[%clk 0:01:33]} Qg6+
{[%clk 0:01:05]} 75. Kf4 {[%clk 0:01:42]} Kxg2 {[%clk 0:00:55]} 76. Qe2+
{[%clk 0:01:04]} Kh1 {[%clk 0:00:47]} 77. Qe4 {[%clk 0:01:04]} Qh6+
{[%clk 0:00:52]} 78. Ke5 {[%clk 0:00:47]} Qg7+ {[%clk 0:00:54]} 79. Kd5
{[%clk 0:01:05]} Qf7+ {[%clk 0:01:11]} 80. Kd4 {[%clk 0:01:21]} Kg2
{[%clk 0:01:22]} 81. f4+ {[%clk 0:01:25]} Kg3 {[%clk 0:01:44]} 82. f5
{[%clk 0:01:38]} Qa7+ {[%clk 0:02:03]} 83. Kd3 {[%clk 0:01:23]} Qa3+
{[%clk 0:02:23]} 84. Kc2 {[%clk 0:00:33]} Qa2+ {[%clk 0:02:29]} 85. Kc1
{[%clk 0:00:51]} Qa1+ {[%clk 0:02:32]} 86. Kd2 {[%clk 0:01:00]} Qa5+
{[%clk 0:02:41]} 87. Ke2 {[%clk 0:01:05]} Qa2+ {[%clk 0:02:58]} 88. Ke3
{[%clk 0:01:23]} Qa3+ {[%clk 0:02:22]} 89. Qd3 {[%clk 0:01:03]} Qe7+
{[%clk 0:02:26]} 90. Qe4 {[%clk 0:00:55]} Qa3+ {[%clk 0:02:51]} 91. Kd2
{[%clk 0:00:48]} Qa5+ {[%clk 0:03:01]} 92. Kc2 {[%clk 0:00:41]} Qa2+
{[%clk 0:03:18]} 93. Kc3 {[%clk 0:00:59]} Qa3+ {[%clk 0:03:37]} 94. Kc4
{[%clk 0:01:01]} Qa4+ {[%clk 0:03:56]} 95. Kd5 {[%clk 0:01:21]} Qd7+
{[%clk 0:04:06]} 96. Kc5 {[%clk 0:01:37]} Qc7+ {[%clk 0:04:20]} 97. Kb5
{[%clk 0:01:05]} Qd7+ {[%clk 0:04:08]} 98. Kb4 {[%clk 0:01:10]} Qd6+
{[%clk 0:04:25]} 99. Kb3 {[%clk 0:01:02]} Qd1+ {[%clk 0:04:42]} 100. Ka3
{[%clk 0:00:56]} Qa1+ {[%clk 0:04:57]} 101. Kb4 {[%clk 0:01:13]} Qb2+
{[%clk 0:05:09]} 102. Kc5 {[%clk 0:01:19]} Qa3+ {[%clk 0:05:13]} 103. Kb5
{[%clk 0:01:28]} Qb3+ {[%clk 0:05:15]} 104. Kc6 {[%clk 0:01:52]} Qc3+
{[%clk 0:05:20]} 105. Kd6 {[%clk 0:01:20]} Qf6+ {[%clk 0:05:00]} 106. Qe6
{[%clk 0:01:38]} Qd8+ {[%clk 0:05:08]} 107. Ke5 {[%clk 0:01:48]} Qa5+
{[%clk 0:03:51]} 108. Kf6 {[%clk 0:02:03]} Kh4 {[%clk 0:03:04]} 109. Kg6
{[%clk 0:01:52]} Qa8 {[%clk 0:01:05]} 110. Qc4+ {[%clk 0:02:02]} Kh3
{[%clk 0:01:20]} 111. f6 {[%clk 0:02:07]} Qg2+ {[%clk 0:01:14]} 112. Kh7
{[%clk 0:02:05]} Qg5 {[%clk 0:00:53]} 113. Qd3+ {[%clk 0:01:24]} Kh4
{[%clk 0:00:59]} 114. Qe4+ {[%clk 0:01:38]} 1-0

[Event "Praha"]
[Site "?"]
[Date "2023.01.13"]
[Round "9.4"]
[White "Garsky, Vladyslav"]
[Black "Zvolensky, David"]
[Result "0-1"]
[BlackElo "2204"]
[WhiteElo "2169"]
[LiveChessVersion "1.4.8"]

1. e4 {[%clk 1:26:37]} c5 {[%clk 1:30:55]} 2. Nf3 {[%clk 1:26:47]} Nc6
{[%clk 1:31:18]} 3. Bb5 {[%clk 1:22:38]} g6 {[%clk 1:31:43]} 4. O-O
{[%clk 1:22:04]} Bg7 {[%clk 1:31:21]} 5. Re1 {[%clk 1:16:11]} Qb6
{[%clk 1:28:09]} 6. Na3 {[%clk 1:15:23]} a6 {[%clk 1:27:26]} 7. Bf1
{[%clk 1:14:28]} Qc7 {[%clk 1:26:24]} 8. c3 {[%clk 1:13:57]} d6 {[%clk 1:25:03]}
9. h3 {[%clk 1:14:06]} e5 {[%clk 1:22:55]} 10. d4 {[%clk 1:07:34]} exd4
{[%clk 1:16:45]} 11. cxd4 {[%clk 1:07:51]} Nxd4 {[%clk 1:16:16]} 12. Nxd4
{[%clk 1:02:39]} Bxd4 {[%clk 1:14:26]} 13. Bf4 {[%clk 1:01:58]} Be6
{[%clk 1:13:52]} 14. Qa4+ {[%clk 0:54:08]} Bd7 {[%clk 0:56:27]} 15. Qb3
{[%clk 0:52:01]} b5 {[%clk 0:56:17]} 16. e5 {[%clk 0:51:22]} Bxe5
{[%clk 0:48:21]} 17. Bxe5 {[%clk 0:51:41]} dxe5 {[%clk 0:48:34]} 18. Qd5
{[%clk 0:51:57]} Rc8 {[%clk 0:48:37]} 19. Rxe5+ {[%clk 0:50:08]} Be6
{[%clk 0:46:45]} 20. Rae1 {[%clk 0:36:58]} Kf8 {[%clk 0:45:29]} 21. Qf3
{[%clk 0:17:22]} Qc6 {[%clk 0:44:38]} 22. Qf4 {[%clk 0:15:34]} Kg7
{[%clk 0:42:04]} 23. g4 {[%clk 0:14:37]} Qd6 {[%clk 0:37:51]} 24. Qe3
{[%clk 0:11:33]} Nf6 {[%clk 0:35:24]} 25. f4 {[%clk 0:10:04]} Nd7
{[%clk 0:31:22]} 26. Re4 {[%clk 0:10:03]} Bd5 {[%clk 0:29:04]} 27. Rd1
{[%clk 0:10:01]} Qc6 {[%clk 0:22:47]} 28. Re5 {[%clk 0:08:02]} Nxe5
{[%clk 0:20:21]} 29. Qxe5+ {[%clk 0:08:29]} f6 {[%clk 0:20:44]} 30. Qe7+
{[%clk 0:06:02]} Bf7 {[%clk 0:20:43]} 31. Rd7 {[%clk 0:06:28]} Rhf8
{[%clk 0:20:17]} 32. Bg2 {[%clk 0:06:55]} Qb6 {[%clk 0:19:56]} 33. Rd6
{[%clk 0:03:59]} Qc7 {[%clk 0:18:57]} 34. Qxf6+ {[%clk 0:03:42]} Kg8
{[%clk 0:19:25]} 35. Rc6 {[%clk 0:03:39]} Qd8 {[%clk 0:18:31]} 36. Qxd8
{[%clk 0:01:28]} Rfxd8 {[%clk 0:18:43]} 37. Rxa6 {[%clk 0:01:54]} Rd1+
{[%clk 0:18:19]} 38. Kf2 {[%clk 0:01:41]} Rd2+ {[%clk 0:18:44]} 39. Kg3
{[%clk 0:02:09]} Rxb2 {[%clk 0:18:52]} 40. Rb6 {[%clk 0:02:22]} c4
{[%clk 0:15:57]} 0-1

[Event "Praha"]
[Site "?"]
[Date "2023.01.13"]
[Round "9.5"]
[White "Jansen, Bob"]
[Black "Chubakov, Sultan"]
[Result "1-0"]
[BlackElo "2039"]
[WhiteElo "2194"]
[LiveChessVersion "1.4.8"]

1. e4 {[%clk 1:30:53]} c6 {[%clk 1:30:54]} 2. d4 {[%clk 1:30:14]} d5
{[%clk 1:31:19]} 3. f3 {[%clk 1:30:19]} e6 {[%clk 1:31:38]} 4. Be3
{[%clk 1:30:34]} Nf6 {[%clk 1:28:33]} 5. e5 {[%clk 1:29:09]} Nfd7
{[%clk 1:28:56]} 6. c3 {[%clk 1:26:43]} c5 {[%clk 1:27:04]} 7. f4
{[%clk 1:26:33]} Nc6 {[%clk 1:25:43]} 8. Nf3 {[%clk 1:26:42]} b6 {[%clk 1:21:49]}
9. Be2 {[%clk 1:15:07]} a5 {[%clk 1:19:14]} 10. O-O {[%clk 1:10:16]} Ba6
{[%clk 1:16:30]} 11. Bxa6 {[%clk 1:09:13]} Rxa6 {[%clk 1:16:55]} 12. f5
{[%clk 1:09:09]} Be7 {[%clk 0:58:32]} 13. fxe6 {[%clk 1:04:41]} fxe6
{[%clk 0:58:57]} 14. Ne1 {[%clk 1:05:05]} Nf8 {[%clk 0:53:55]} 15. Nd3
{[%clk 0:56:49]} c4 {[%clk 0:49:43]} 16. Nf4 {[%clk 0:55:24]} Qd7
{[%clk 0:48:16]} 17. Nh5 {[%clk 0:51:36]} g6 {[%clk 0:42:28]} 18. Nf6+
{[%clk 0:50:58]} Bxf6 {[%clk 0:42:50]} 19. exf6 {[%clk 0:32:58]} Nd8
{[%clk 0:38:29]} 20. Nd2 {[%clk 0:32:51]} Nf7 {[%clk 0:36:09]} 21. b3
{[%clk 0:33:15]} b5 {[%clk 0:33:46]} 22. bxc4 {[%clk 0:33:30]} bxc4
{[%clk 0:33:43]} 23. Rb1 {[%clk 0:33:17]} Qa7 {[%clk 0:32:52]} 24. Qa4+
{[%clk 0:29:31]} Nd7 {[%clk 0:33:01]} 25. Qa3 {[%clk 0:29:29]} Rd6
{[%clk 0:29:23]} 26. Bh6 {[%clk 0:24:54]} e5 {[%clk 0:25:43]} 27. Kh1
{[%clk 0:25:02]} exd4 {[%clk 0:18:52]} 28. cxd4 {[%clk 0:19:39]} Qxd4
{[%clk 0:15:51]} 29. Rfe1+ {[%clk 0:19:02]} Kd8 {[%clk 0:13:40]} 30. Qxa5+
{[%clk 0:18:52]} Kc8 {[%clk 0:13:30]} 31. Qa8+ {[%clk 0:18:24]} Kc7
{[%clk 0:13:55]} 32. Rb7+ {[%clk 0:18:18]} Kc6 {[%clk 0:14:23]} 33. Rb8+
{[%clk 0:17:29]} Kc7 {[%clk 0:14:17]} 34. Qb7# 1-0

[Event "Praha"]
[Site "?"]
[Date "2023.01.13"]
[Round "9.6"]
[White "Baumegger, Siegfried"]
[Black "Sindler, Michal"]
[Result "1/2-1/2"]
[BlackElo "2141"]
[WhiteElo "2439"]
[LiveChessVersion "1.4.8"]

1. d4 {[%clk 1:30:39]} Nf6 {[%clk 1:30:51]} 2. c4 {[%clk 1:31:00]} g6
{[%clk 1:31:16]} 3. Nc3 {[%clk 1:31:17]} Bg7 {[%clk 1:31:37]} 4. e4
{[%clk 1:31:35]} d6 {[%clk 1:31:59]} 5. f3 {[%clk 1:29:55]} c6 {[%clk 1:31:09]}
6. Be3 {[%clk 1:30:05]} a6 {[%clk 1:31:31]} 7. c5 {[%clk 1:29:36]} b5
{[%clk 1:29:27]} 8. cxd6 {[%clk 1:28:34]} exd6 {[%clk 1:29:21]} 9. Nge2
{[%clk 1:28:16]} O-O {[%clk 1:28:20]} 10. Qd2 {[%clk 1:26:31]} Nbd7
{[%clk 1:22:40]} 11. Nf4 {[%clk 1:26:18]} Re8 {[%clk 1:18:22]} 12. Be2
{[%clk 1:25:57]} Bb7 {[%clk 1:11:56]} 13. O-O {[%clk 1:23:28]} Qe7
{[%clk 1:10:22]} 14. Rfe1 {[%clk 1:10:42]} Nb6 {[%clk 0:59:51]} 15. Bf1
{[%clk 1:02:24]} c5 {[%clk 0:43:25]} 16. Rac1 {[%clk 0:54:51]} Rac8
{[%clk 0:39:33]} 17. b3 {[%clk 0:47:55]} c4 18. b4 {[%clk 0:45:00]} d5
{[%clk 0:33:36]} 19. e5 {[%clk 0:37:08]} Nfd7 {[%clk 0:33:51]} 20. a3
{[%clk 0:37:00]} f6 {[%clk 0:29:17]} 21. Nh3 {[%clk 0:30:28]} Rcd8
{[%clk 0:26:17]} 22. f4 {[%clk 0:29:41]} f5 {[%clk 0:25:33]} 23. Ng5
{[%clk 0:18:43]} Nf8 {[%clk 0:25:18]} 24. Be2 {[%clk 0:16:14]} Ne6
{[%clk 0:24:32]} 25. Nf3 {[%clk 0:16:36]} Bh6 {[%clk 0:22:46]} 26. Kh1
{[%clk 0:15:28]} Bc6 {[%clk 0:20:45]} 27. Rg1 {[%clk 0:15:33]} Bd7
{[%clk 0:19:54]} 28. Bd1 {[%clk 0:12:17]} Rf8 {[%clk 0:18:31]} 29. Bc2
{[%clk 0:12:36]} Ra8 {[%clk 0:17:45]} 30. g3 {[%clk 0:03:47]} a5 {[%clk 0:15:47]}
31. Rb1 {[%clk 0:04:01]} axb4 {[%clk 0:14:58]} 32. axb4 {[%clk 0:04:27]} Ra7
{[%clk 0:14:59]} 33. Bd1 {[%clk 0:02:42]} Rfa8 {[%clk 0:14:06]} 34. Ne1
{[%clk 0:02:57]} Nc7 {[%clk 0:13:17]} 35. Bf3 {[%clk 0:02:42]} Be6
{[%clk 0:12:25]} 36. Nc2 {[%clk 0:03:02]} Bf8 {[%clk 0:11:49]} 37. Qg2
{[%clk 0:02:50]} Qd7 {[%clk 0:12:06]} 38. Bd2 {[%clk 0:02:01]} Na4
{[%clk 0:11:19]} 39. Nd1 {[%clk 0:01:02]} Nb6 {[%clk 0:10:45]} 40. Nc3
{[%clk 0:01:27]} Na4 {[%clk 0:10:35]} 41. Nd1 {[%clk 0:22:55]} Nb6
{[%clk 0:40:50]} 42. Nce3 {[%clk 0:19:49]} Ra1 {[%clk 0:38:13]} 43. Nc3
{[%clk 0:18:46]} Rxb1 {[%clk 0:37:09]} 44. Rxb1 {[%clk 0:19:00]} Ra3
{[%clk 0:36:02]} 45. g4 {[%clk 0:14:19]} Kh8 {[%clk 0:34:34]} 46. gxf5
{[%clk 0:09:57]} Bxf5 {[%clk 0:33:08]} 47. Nxf5 {[%clk 0:09:08]} Qxf5
{[%clk 0:32:48]} 48. Rf1 {[%clk 0:09:25]} Qd3 {[%clk 0:23:28]} 49. f5
{[%clk 0:09:22]} Rxc3 {[%clk 0:23:09]} 50. Bxc3 {[%clk 0:09:21]} Qxc3
{[%clk 0:23:19]} 51. fxg6 {[%clk 0:09:09]} Qxd4 {[%clk 0:20:01]} 52. Qg5
{[%clk 0:08:17]} Nd7 {[%clk 0:15:37]} 53. g7+ {[%clk 0:02:35]} Bxg7
{[%clk 0:15:39]} 54. Qd8+ {[%clk 0:02:54]} Nf8 {[%clk 0:15:21]} 55. Qxc7
{[%clk 0:02:59]} Bxe5 {[%clk 0:11:17]} 56. Qf7 {[%clk 0:02:11]} Qf4
{[%clk 0:09:40]} 57. Qxf4 {[%clk 0:02:35]} Bxf4 {[%clk 0:09:52]} 58. Bxd5
{[%clk 0:02:12]} Bd6 {[%clk 0:09:51]} 59. Rf6 {[%clk 0:00:45]} Bxb4
{[%clk 0:09:24]} 60. Rb6 {[%clk 0:01:05]} c3 {[%clk 0:08:28]} 61. Be4
{[%clk 0:01:15]} Kg7 {[%clk 0:07:04]} 62. Rxb5 {[%clk 0:01:40]} Bd6
{[%clk 0:06:42]} 63. Rd5 {[%clk 0:01:05]} Bf4 {[%clk 0:05:41]} 64. Rc5
{[%clk 0:01:05]} Bd2 {[%clk 0:05:29]} 65. Rc6 {[%clk 0:01:03]} Ng6
{[%clk 0:05:25]} 66. Rc7+ {[%clk 0:01:26]} Kh6 {[%clk 0:04:02]} 67. Bc2
{[%clk 0:01:13]} Be1 {[%clk 0:03:44]} 68. Kg1 {[%clk 0:01:19]} Bd2
{[%clk 0:04:00]} 69. Kf1 {[%clk 0:01:25]} Bf4 {[%clk 0:03:38]} 70. Rxc3
{[%clk 0:01:42]} Kg5 {[%clk 0:03:48]} 71. Kg2 {[%clk 0:01:44]} h6
{[%clk 0:03:26]} 72. Bxg6 {[%clk 0:01:07]} Kxg6 {[%clk 0:03:44]} 73. Rc5
{[%clk 0:01:24]} h5 {[%clk 0:03:17]} 74. Rc2 {[%clk 0:01:30]} Be5
{[%clk 0:02:49]} 75. Kf3 {[%clk 0:01:46]} Bb8 {[%clk 0:01:59]} 76. Rb2
{[%clk 0:01:54]} Bc7 {[%clk 0:02:10]} 77. Rc2 {[%clk 0:02:10]} Bb8
{[%clk 0:02:29]} 78. Ra2 {[%clk 0:02:13]} Kg5 {[%clk 0:02:26]} 79. Kg2
{[%clk 0:02:13]} Bc7 {[%clk 0:01:54]} 80. Rc2 {[%clk 0:02:36]} Bd6
{[%clk 0:02:01]} 81. Rc4 {[%clk 0:02:54]} Bb8 {[%clk 0:01:32]} 82. Kh3
{[%clk 0:03:06]} Bf4 {[%clk 0:01:41]} 83. Rc5+ {[%clk 0:03:23]} Kg6
{[%clk 0:01:47]} 84. Rb5 {[%clk 0:03:40]} Bc7 {[%clk 0:01:59]} 85. Kg2
{[%clk 0:03:56]} Bf4 {[%clk 0:01:37]} 86. h3 {[%clk 0:04:14]} Bc7
{[%clk 0:01:23]} 87. Kf3 {[%clk 0:04:34]} Bh2 {[%clk 0:01:26]} 88. Rd5
{[%clk 0:03:52]} Bc7 {[%clk 0:01:37]} 89. Ke4 {[%clk 0:04:03]} Bg3 90. Rb5
{[%clk 0:03:43]} Be1 {[%clk 0:01:12]} 91. Rb8 {[%clk 0:03:43]} Kg5
{[%clk 0:01:29]} 92. Kf3 {[%clk 0:03:43]} Bd2 {[%clk 0:01:03]} 93. Rd8
{[%clk 0:03:29]} Bc3 {[%clk 0:01:14]} 94. Rc8 {[%clk 0:03:29]} Bd4
{[%clk 0:01:14]} 95. Re8 {[%clk 0:03:34]} Bc3 {[%clk 0:01:36]} 96. Kg3
{[%clk 0:03:53]} Bf6 {[%clk 0:01:37]} 97. Rg8+ {[%clk 0:03:27]} Kf5
{[%clk 0:01:43]} 98. Kf3 {[%clk 0:03:39]} Be7 {[%clk 0:01:33]} 99. Rg1
{[%clk 0:03:37]} Bf6 {[%clk 0:01:33]} 100. Rg8 {[%clk 0:03:37]} Be7
{[%clk 0:01:33]} 101. Kg3 {[%clk 0:03:37]} Bf6 {[%clk 0:01:33]} 102. Ra8
{[%clk 0:03:37]} Be7 {[%clk 0:01:33]} 103. Ra5+ {[%clk 0:03:37]} Kg6
{[%clk 0:01:54]} 104. Rd5 {[%clk 0:03:49]} Bb4 {[%clk 0:01:56]} 105. Kf4
{[%clk 0:04:04]} Ba3 {[%clk 0:02:11]} 106. Rg5+ {[%clk 0:04:18]} Kh6 107. Kf5 Bc1
{[%clk 0:02:17]} 108. Rg6+ {[%clk 0:04:38]} Kh7 {[%clk 0:02:39]} 109. Kf6
{[%clk 0:03:34]} Bf4 {[%clk 0:02:36]} 110. Kf7 {[%clk 0:02:33]} Be3
{[%clk 0:02:52]} 111. Kf6 Bd2 112. Kf5 {[%clk 0:02:57]} Be3 {[%clk 0:03:00]} 113.
Rc6 {[%clk 0:03:02]} Bd2 {[%clk 0:03:21]} 114. Rd6 {[%clk 0:02:53]} Bc1
{[%clk 0:03:31]} 115. Rd5 {[%clk 0:02:42]} Kh6 {[%clk 0:03:43]} 116. Rd6+
{[%clk 0:03:00]} Kg7 117. Rc6 {[%clk 0:02:15]} Bd2 {[%clk 0:04:15]} 118. Ke4
{[%clk 0:01:44]} Bg5 {[%clk 0:04:37]} 119. Kf3 {[%clk 0:01:54]} Bd2
{[%clk 0:04:55]} 120. Re6 {[%clk 0:01:51]} Kf7 {[%clk 0:05:12]} 121. Rd6
{[%clk 0:01:51]} Bg5 {[%clk 0:05:12]} 122. Kg3 {[%clk 0:01:50]} Kg7
{[%clk 0:05:35]} 123. Rc6 {[%clk 0:01:20]} Kf7 {[%clk 0:05:57]} 124. Kf3
{[%clk 0:01:20]} Kg7 {[%clk 0:06:17]} 125. Ke4 {[%clk 0:01:30]} Bd2
{[%clk 0:05:11]} 126. Kf5 {[%clk 0:01:53]} Kh7 {[%clk 0:05:17]} 127. Rc7+
{[%clk 0:01:47]} Kh6 {[%clk 0:05:37]} 128. Rc6+ {[%clk 0:02:35]} Kh7
{[%clk 0:05:52]} 129. h4 {[%clk 0:02:35]} Be3 {[%clk 0:05:52]} 130. Rc7+
{[%clk 0:02:55]} Kh6 {[%clk 0:06:09]} 131. Re7 {[%clk 0:03:18]} Bc1
{[%clk 0:07:05]} 132. Rb7 {[%clk 0:02:35]} Be3 {[%clk 0:07:05]} 133. Rc7
{[%clk 0:02:35]} Bd2 {[%clk 0:07:05]} 134. Re7 {[%clk 0:02:35]} Bc1
{[%clk 0:07:05]} 135. Re2 {[%clk 0:02:35]} Kh7 {[%clk 0:07:23]} 136. Rc2
{[%clk 0:01:53]} Be3 137. Ra2 {[%clk 0:02:15]} Kh6 {[%clk 0:07:04]} 138. Rg2
{[%clk 0:02:05]} Kh7 139. Kf6 {[%clk 0:02:05]} Kh6 {[%clk 0:06:20]} 140. Kf7
{[%clk 0:02:17]} Bf4 {[%clk 0:06:10]} 141. Rg6+ {[%clk 0:02:17]} Kh7
{[%clk 0:06:28]} 142. Rf6 {[%clk 0:02:24]} Be3 {[%clk 0:05:24]} 143. Rf3
{[%clk 0:02:31]} 1/2-1/2

[Event "Praha"]
[Site "?"]
[Date "2023.01.13"]
[Round "9.7"]
[White "Elmi, Saad Abobaker"]
[Black "Koridze, Lile"]
[Result "1-0"]
[BlackElo "2139"]
[WhiteElo "2326"]
[LiveChessVersion "1.4.8"]

1. e4 {[%clk 1:24:59]} c5 {[%clk 1:30:57]} 2. Nf3 {[%clk 1:25:20]} d6
{[%clk 1:31:25]} 3. Bb5+ {[%clk 1:25:17]} Nd7 {[%clk 1:31:06]} 4. c4
{[%clk 1:25:05]} Ngf6 {[%clk 1:29:40]} 5. Nc3 {[%clk 1:25:15]} g6
{[%clk 1:29:35]} 6. O-O {[%clk 1:24:40]} Bg7 {[%clk 1:29:55]} 7. Ba4
{[%clk 1:24:06]} O-O {[%clk 1:27:13]} 8. d3 {[%clk 1:23:46]} a6 {[%clk 1:15:04]}
9. h3 {[%clk 1:23:07]} Rb8 {[%clk 1:14:39]} 10. Be3 {[%clk 1:20:31]} Qc7
{[%clk 1:12:18]} 11. Qd2 {[%clk 1:17:41]} Ne5 {[%clk 1:11:25]} 12. Nxe5
{[%clk 1:16:39]} dxe5 {[%clk 1:11:51]} 13. Nd5 {[%clk 1:11:02]} Qd6
{[%clk 1:10:36]} 14. b4 {[%clk 1:08:13]} cxb4 {[%clk 1:09:58]} 15. Ba7
{[%clk 1:07:15]} Nxd5 {[%clk 1:05:26]} 16. Bxb8 {[%clk 1:06:11]} Qxb8
{[%clk 1:05:45]} 17. cxd5 {[%clk 1:06:19]} a5 {[%clk 1:04:58]} 18. Bb5
{[%clk 1:03:50]} Qd6 {[%clk 1:02:50]} 19. a3 {[%clk 0:59:57]} e6 {[%clk 1:02:03]}
20. dxe6 {[%clk 0:58:48]} Bxe6 {[%clk 1:00:56]} 21. axb4 {[%clk 0:58:58]} axb4
{[%clk 1:00:41]} 22. Rab1 {[%clk 0:58:43]} b3 {[%clk 1:00:15]} 23. Ba4
{[%clk 0:58:51]} Bc4 {[%clk 0:55:38]} 24. Rfd1 {[%clk 0:58:44]} Rd8
{[%clk 0:54:36]} 25. Qc3 {[%clk 0:58:55]} Ba6 {[%clk 0:52:36]} 26. Bxb3
{[%clk 0:58:57]} Qd4 {[%clk 0:51:12]} 27. Qxd4 {[%clk 0:58:38]} Rxd4
{[%clk 0:51:36]} 28. Bd5 {[%clk 0:58:51]} Kf8 {[%clk 0:50:56]} 29. Rb3
{[%clk 0:58:14]} f5 {[%clk 0:49:28]} 30. f3 {[%clk 0:54:33]} fxe4
{[%clk 0:47:33]} 31. fxe4 {[%clk 0:54:34]} Bh6 {[%clk 0:47:11]} 32. Bxb7
{[%clk 0:53:49]} Bc4 {[%clk 0:46:48]} 33. Rf1+ {[%clk 0:54:05]} 1-0